Neural networks in intrusion detection systems

Bezpečnosť informačných systémov. Včasná a presná detekcia napadnutia. Systémy detekcie napadnutia (IDS - Intrusion detection systems). Dva základné druhy IDS - misuse IDS a anomaly IDS. Prehľad možností aplikácie neurónových sietí pri vytváraní systémov detekcie napadnutia, diskusia o výhodách a n...

Descripción completa

Guardado en:
Detalles Bibliográficos
Autor principal: Veselý, Arnošt
Otros Autores: Brechlerová, Dagmar
Formato: Capítulo de libro
Lenguaje:inglés
Materias:
Etiquetas: Agregar Etiqueta
Sin Etiquetas, Sea el primero en etiquetar este registro!

MARC

LEADER 00000naa$a2200000$$$4500
001 0005806
005 20231113140131.9
041 0 |a eng 
044 |a CZ 
245 1 0 |a Neural networks in intrusion detection systems  |c aut. Arnošt Veselý, Dagmar Brechlerová 
520 |a Bezpečnosť informačných systémov. Včasná a presná detekcia napadnutia. Systémy detekcie napadnutia (IDS - Intrusion detection systems). Dva základné druhy IDS - misuse IDS a anomaly IDS. Prehľad možností aplikácie neurónových sietí pri vytváraní systémov detekcie napadnutia, diskusia o výhodách a nevýhodách ich použitia. 
610 2 0 |a systémy informačné 
610 2 0 |a ochrana dát 
610 2 0 |a siete neurónové 
610 2 0 |a bezpečnosť informačná 
100 1 |a Veselý, Arnošt 
700 1 |a Brechlerová, Dagmar